| 000 | 00751 a2200229 4500 | ||
|---|---|---|---|
| 001 | 45518 | ||
| 005 | 20260407155727.0 | ||
| 008 | 260407a1992 arg spa d | ||
| 003 | AR-UNSa-BCEJYS | ||
| 040 |
_aAR-UNSa-BCEJYS _bspa _cAR-UNSa-BCEJYS |
||
| 080 |
_a330.34 _xDesarrollo Económico |
||
| 245 | 1 | 0 |
_aLos problemas del desarrollo en América Latina _phomenaje a Raúl Prebisch |
| 020 | _a950-557-123-2 | ||
| 264 | 1 |
_aMéxico : _bFondo de Cultura Económica _c1992 |
|
| 300 |
_a406 p. _c23 cm. |
||
| 041 | _aspa | ||
| 942 | _cBK | ||
| 590 | _aniveau_biblio:m niveau_hierar:0 | ||
| 100 | 1 | _aMontuschi, Luisa | |
| 700 | 1 | _aSinger, Hans | |
| 856 | 4 | 1 |
_uhttps://www.biblioeco.unsa.edu.ar/pmb/images/libros/L127130.jpg _yImagen de portada _qimage/jpeg |
| 999 |
_c3950 _d3950 |
||